| 000 | 01114nam a22002537a 4500 | ||
|---|---|---|---|
| 005 | 20090825120337.0 | ||
| 008 | 090728t xxu||||| |||| 00| 0 pun d | ||
| 010 | _aPUN-6509 | ||
| 020 |
_c300.00 _a9788175381513 |
||
| 035 | _aPN-5627 | ||
| 037 | _bDBAD / PUB | ||
| 040 |
_adpl _bpn |
||
| 082 | _a921 | ||
| 100 |
_924414 _aਸੁਖਦਿਆਲ ਸਿੰਘ |
||
| 245 |
_aਬੰਦਾ ਸਿੰਘ ਬਹਾਦਰ-ਇਤਿਹਾਸਕ ਅਧਿਐਨ / _cਸੁਖਦਿਆਲ ਸਿੰਘ |
||
| 246 |
_aBanda Singh Bahadur -Itihasak Adhiyan _bby Sucha Singh ganda |
||
| 260 |
_aਚੰਡੀਗਡ਼ _bਲੋਕਗੀਤ ਪ੍ਰਕਾਸ਼ਨ _c2010 |
||
| 270 |
_as.c.o-26-27, Sector-34-A, _bਚੰਡੀਗਡ਼ _e160022 _k01624-682954, 09781534406 |
||
| 300 | 4 |
_a292 ਸਫੇ _c22 ਸੇਮੀ (ਸਜਿਲੱਦ) |
|
| 650 |
_924412 _aਜੀਵਨ |
||
| 650 |
_aAutobiography _924431 |
||
| 942 |
_2ddc _cPN _h921 _mਬੰਦਾਸਿੰ |
||
| 999 |
_c48837 _d48837 |
||